000 00540nam a22001817a 4500
005 20260227101247.0
008 260227b |||||||| |||| 00| 0 eng d
020 _a9781394222513 (hbk)
040 _cPK-LaUMT
082 _a658.11
_bAUL-D
100 _aAulet, Bill
_99566
245 _aDisciplined entrepreneurship :
_b24 steps to a successful startup /
_cby Bill Aulet
260 _aHoboken :
_bJohn Wiley,
_c2024
300 _a349 p.
650 _aNew business enterprises-Management
_99567
650 _aEntrepreneurship
942 _cBK
999 _c139934
_d139934